000 02193nam a2200373 c 4500
003 BLK
005 20180422095026.0
008 180413b bul|||||r ||||||| ||bul||
010 _aKNG00021226000
020 _a954-8163-86-1
_bиздат.: Литера Прима
040 _aBLK
041 _aBUL
_cBUL
080 _aАрхеология. Праисторически паметници - вж 903
_b902
_x(430)(092)
_z902(430)(092)
080 _aПаметници на културата на историческите периоди. Археологическите паметници. Старини
_b904
_x(495)
_z904(495)
080 _a
_b929 Шлиман, Хайнрих
_x
_z929 Шлиман, Хайнрих
100 1 _aВанденберг, Филип
_eпърви автор
_gХартел, Клаус Дитер
_9250304
700 1 _aКаменова, Боряна
_eпрев. от нем.
_9363776
139 _aВанденберг, Филип
_bВ 19
245 1 0 _aСъкровището на Приам
_bДали Хайнрих Шлиман откри Троя? ; Къде е съкровището на Приам?
_cФилип Ванденберг; прев. от нем. Боряна Каменова.
257 _aDEU
260 София
_bЛитера Прима
_c1998
_fСофия : Образование и наука
300 _a448 с., 24 л.
_bил., портр., факс.
_c20 см
380 _a9
500 _aОриг. загл. Der schatz des Priamos / Philipp Vandenberg. - Офс. изд. - Съдържа и Завещание на Хайнрих Шлиман ; Хайнрих Шлиман и неговото време ; Семейство Шлиман. -Филип Ванденберг - псевд. на Клаус Дитер Хартел. - Библиогр. с. 445-446.
504 _a445-446
600 1 4 _aШлиман, Хайнрих
_9222245
650 4 _aАрхеолози, немски
_9263517
650 4 _aАрхеологически паметници - Древна Гърция
_9263518
852 _aЦб 195464
856 4 _qpdf
_u
856 4 _qpdf
_u
942 _cKNG
_n0
944 _aCR
_c15.01.2003
_kГеновева_Генчева
944 _aED
_c08.04.2010
_k
999 _c19133
_d19133